ダム湖百選 - Statistics

General Stats
  • This quiz has been taken 18 times
  • The average score is 9 of 65
Answer Stats
No. 都道府県 ダム名 ダム湖名 水系 河川 % Correct
31 富山県 黒部ダム 黒部湖 黒部川 黒部川
69%
39 静岡県愛知県 長野県 佐久間ダム 佐久間湖 天竜川 天竜川
46%
4 北海道 豊平峡ダム 定山湖 石狩川 豊平川
38%
6 青森県 川内ダム かわうち湖 川内川 川内川
38%
19 福島県新潟県 奥只見ダム 奥只見湖 阿賀野川 只見川
38%
10 岩手県 湯田ダム 錦秋湖 北上川 和賀川
31%
12 宮城県 宮床ダム あさひな湖 鳴瀬川 宮床川
31%
16 山形県 寒河江ダム 月山湖 最上川 寒河江川
31%
29 神奈川県 宮ヶ瀬ダム 宮ヶ瀬湖 相模川 中津川
31%
33 長野県 高瀬ダム 高瀬ダム調整湖 信濃川 高瀬川
31%
64 沖縄県 漢那ダム かんな湖 漢那福地川 漢那福地川
31%
5 北海道 笹流ダム 笹流貯水池 亀田川 笹流川
23%
15 秋田県 玉川ダム 宝仙湖 雄物川 玉川
23%
18 福島県 田子倉ダム 田子倉湖 阿賀野川 只見川
23%
27 東京都 村山ダム 多摩湖 荒川 北川
23%
28 東京都山梨県 小河内ダム 奥多摩湖 多摩川 多摩川
23%
56 高知県 早明浦ダム さめうら湖 吉野川 吉野川
23%
60 大分県 北川ダム 北川ダム湖 五ヶ瀬川 北川
23%
63 沖縄県 福地ダム 福上湖 福地川 福地川
23%
3 北海道 金山ダム かなやま湖 石狩川 空知川
15%
8 岩手県 御所ダム 御所湖 北上川 雫石川
15%
11 宮城県 南川ダム 七ッ森湖 鳴瀬川 南川
15%
20 群馬県 矢木沢ダム 奥利根湖 利根川 利根川
15%
21 群馬県 奈良俣ダム ならまた湖 利根川 楢俣川
15%
57 福岡県 江川ダム 上秋月湖 筑後川 小石原川
15%
7 岩手県 岩洞ダム 岩洞湖 北上川 丹藤川
8%
9 岩手県 田瀬ダム 田瀬湖 北上川 猿ヶ石川
8%
14 宮城県 七ヶ宿ダム 七ヶ宿湖 阿武隈川 白石川
8%
22 群馬県 野反ダム 野反湖 信濃川 中津川
8%
23 群馬県 相俣ダム 赤谷湖 利根川 赤谷川
8%
25 群馬県埼玉県 下久保ダム 神流湖 利根川 神流川
8%
30 神奈川県 三保ダム 丹沢湖 酒匂川 河内川
8%
34 長野県 味噌川ダム 奥木曽湖 木曽川 木曽川
8%
35 長野県 高遠ダム 高遠湖 天竜川 三峰川
8%
37 岐阜県 大井ダム 恵那峡 木曽川 木曽川
8%
38 岐阜県 阿木川ダム 阿木川湖 木曽川 阿木川
8%
41 滋賀県 永源寺ダム 永源寺湖 淀川 愛知川
8%
43 京都府 日吉ダム 天若湖 淀川 桂川
8%
44 兵庫県 一庫ダム 知明湖 淀川 一庫大路次川
8%
48 広島県 帝釈川ダム 神竜湖 高梁川 帝釈川
8%
49 広島県 土師ダム 八千代湖 江の川 江の川
8%
50 広島県 温井ダム 龍姫湖 太田川 滝山川
8%
52 広島県山口県 弥栄ダム 弥栄湖 小瀬川 小瀬川
8%
53 山口県 厚東川ダム 小野湖 厚東川 厚東川
8%
58 福岡県 寺内ダム 美奈宜湖 筑後川 佐田川
8%
59 長崎県 鷹島ダム 鷹島海中ダム湖 浦田比水路
8%
1 北海道 富里ダム 富里湖 常呂川 仁頃川
0%
2 北海道 聖台ダム 聖台ダム公園 石狩川 宇英別川
0%
13 宮城県 釜房ダム 釜房湖 名取川 碁石川
0%
17 福島県 羽鳥ダム 羽鳥湖 阿賀野川 鶴沼川
0%
24 群馬県 草木ダム 草木湖 利根川 渡良瀬川
0%
26 埼玉県 山口ダム 狭山湖 荒川 柳瀬川
0%
32 富山県 有峰ダム 有峰湖 常願寺川 和田川
0%
36 長野県 美和ダム 美和湖 天竜川 三峰川
0%
40 愛知県 羽布ダム 三河湖 矢作川 巴川
0%
42 京都府 大野ダム 虹の湖 由良川 由良川
0%
45 兵庫県 布引五本松ダム 布引貯水池 生田川 生田川
0%
46 奈良県 池原ダム 池原貯水池 熊野川 北山川
0%
47 和歌山県 椿山ダム 椿山ダム湖 日高川 日高川
0%
51 広島県 本庄ダム 本庄貯水池 二河川 二河川
0%
54 香川県 満濃池ダム 満濃池 金倉川 金倉川
0%
55 愛媛県 野村ダム 朝霧湖 肱川 肱川
0%
61 宮崎県 上椎葉ダム 日向椎葉湖 耳川 耳川
0%
62 鹿児島県 鶴田ダム 大鶴湖 川内川 川内川
0%
65 沖縄県 倉敷ダム 倉敷湖 比謝川 与那原川
0%
No matching quizzes found
Score Distribution
Percent of People with Each Score
Percentile by Number Answered
Your Score History
You have not taken this quiz